| 000 | 02181ncm0a2200361 4500 | ||
|---|---|---|---|
| 001 | RU\NLR\ONIZ\297182 | ||
| 005 | 20250625024844.0 | ||
| 013 | _a979-0-706449-26-5 | ||
| 021 |
_aRU _b2020-000659 _92020-НО-П-42 |
||
| 035 | _a(NLR Aleph) 016285619 | ||
| 090 |
_a12929340 _c12929340 |
||
| 100 | _a20230112d2020 |||y0rusy50 ca | ||
| 101 | 0 | _arus | |
| 102 | _aRU | ||
| 125 | _aay | ||
| 145 | 0 | _ab | |
| 200 | 1 |
_aПервые шаги маленького домриста-виртуоза _bНоты _eгаммы и этюды _eдля учащихся младших и средних классов ДМШ и ДШИ _eучебно-методическое пособие _fТ. Грачева |
|
| 203 |
_aМузыка _bзнаковая _bвизуальная _cнепосредственная |
||
| 210 |
_aСаратов _cСаратовская государственная консерватория имени Л. В. Собинова _d2020 |
||
| 215 |
_a24 с. _cцв. ил. _d29 см |
||
| 313 | _aСистематизация документа проведена по изданию - Методика классифицирования музыкальных произведений (нотных изданий) по таблицам Библиотечно-библиографических классификаций : метод. рекомендации / Гос. б-ка СССР им. В.И. Ленина.- М., 1977. Индексу ББК методических рекомендаций присваивается код ББК для научных библиотек - LBC/SL | ||
| 606 | 1 |
_aУчебно-методические пособия для домры и фортепиано _yРоссия _z21 век _jНоты _2nlr_sh |
|
| 686 | 0 | _aЩ956.894(2Р) | |
| 700 | 1 |
_9z02790 _aГрачева _bТ. _cСкородумова _gТатьяна _4070 _7ca |
|
| 790 | 1 |
_9z02700 _aGračjova _bT. _cSkorodumova _gTat`jana _4070 _7ba |
|
| 801 | 0 |
_aRU _bNLR _c20230112 _gPSBO |
|
| 801 | 1 |
_aRU _bNLR _c20230112 _2rusmarc |
|
| 801 | 2 |
_aRU _bNLR _c20230206 |
|
| 852 |
_aNLR _bМ _jК-3/30970 _pМОЭ 45404 _t1 |
||
| 942 | _cSCORE | ||
| 980 | _aNB | ||
| 980 | _aONIZ | ||